The United States-Japan economic problem

Na minha lista:
Detalhes bibliográficos
Autor principal: Bergsten, C. Fred
Formato: Livro
Idioma:Undetermined
Publicado em: Washington Institute for International Economics 1985
Assuntos:
Tags: Adicionar Tag
Sem tags, seja o primeiro a adicionar uma tag!
Thư viện lưu trữ: Trung tâm Học liệu Trường Đại học Cần Thơ
LEADER 00582nam a2200205Ia 4500
001 CTU_97712
008 210402s9999 xx 000 0 und d
082 |a 382.09 
082 |b B498 
100 |a Bergsten, C. Fred 
245 4 |a The United States-Japan economic problem 
245 0 |c C. Fred Bergsten, William R. Cline 
260 |a Washington 
260 |b Institute for International Economics 
260 |c 1985 
650 |a Commerce 
650 |x Congresses 
650 |z United states,Japan 
904 |i Giang 
980 |a Trung tâm Học liệu Trường Đại học Cần Thơ